| 000 | 00537nam a2200193Ia 4500 | ||
|---|---|---|---|
| 003 | IN-BaIIA | ||
| 008 | 211028s9999 xx 000 0 eng d | ||
| 040 | _cIIA Library | ||
| 080 |
_a523.68 _bLOV |
||
| 100 |
_aLovell, A. C. B _92857 |
||
| 245 | 0 |
_aMeteor astronomy _cA. C. B. Lovell |
|
| 260 |
_aOxford _bThe Clarendon Press _c1954 |
||
| 300 | _axiv, 463p. | ||
| 490 | _aThe International series of monographs on physics | ||
| 650 | _aAstronomy and astrophysics thesaurus | ||
| 650 | _aMeteorites | ||
| 650 | _aMeteors | ||
| 942 | _cBK | ||
| 999 |
_c1395 _d1395 |
||